000 00534nam a22001697a 4500
999 _c181795
_d181795
005 20211006114856.0
010 _aEN230921
020 _a9789386446183
_c350.00
037 _bSage Publications
100 _aChowdhuri, Satyabrata Rai
245 _aLeftism in India 1917-1947 /
_cby Satyabrata Rai Chowdhuri
250 _a2nd ed
260 _aNew Delhi
_bSage Publications
_c2017
270 _aB1/I-1, Mohan Cooperative Industrial Area, Mathura Road
_bNew Delhi
_e110044
300 _axviii, 190p.
_c24cm(pbk)
942 _2ddc
_cEN
_mCHO